[Event "Revanche"]
[Site "Montreal CAN"]
[Date "1993.11.16"]
[Round "3"]
[White "Lacroix, Serge"]
[Black "Berube, Richard"]
[Result "0-1"]
[WhiteElo "2025"]
[BlackElo "2236"]
[PlyCount "66"]
[EventDate "1993.10.26"]
[EventType "tourn"]
[EventRounds "7"]
[EventCountry "CAN"]

1. e4 c5 2. Nf3 d6 3. d4 cxd4 4. Nxd4 Nf6 5. Nc3 g6 6. Be3 Bg7 7. f3 Nc6 8. Qd2
O-O 9. Bc4 Bd7 10. O-O-O Rc8 11. Bb3 Ne5 12. h4 h5 13. Bh6 Bxh6 14. Qxh6 Rxc3
15. bxc3 Qc7 16. Qd2 a5 17. a3 Rc8 18. Kb2 Qb6 19. Ka2 a4 20. Bd5 Nxd5 21. exd5
Qc5 22. Ne2 Bb5 23. Nf4 Nc4 24. Qc1 Ne3 25. Qb2 Nxd1 26. Rxd1 Bc4+ 27. Ka1 Qe3
28. Qxb7 Qxc3+ 29. Qb2 Qe3 30. Qc1 Qd4+ 31. c3 Bb3 32. Re1 Rxc3 33. Qd2 Rc1#
0-1

[Event "Revanche"]
[Site "Montreal CAN"]
[Date "1993.11.23"]
[Round "4"]
[White "Finta, Robert"]
[Black "Lacroix, Serge"]
[Result "1-0"]
[WhiteElo "2162"]
[BlackElo "1972"]
[PlyCount "93"]
[EventDate "1993.10.26"]
[EventType "tourn"]
[EventRounds "7"]
[EventCountry "CAN"]

1. e4 c5 2. Nf3 e6 3. Nc3 d5 4. exd5 exd5 5. d4 Nf6 6. Bb5+ Bd7 7. O-O Bxb5 8.
Nxb5 a6 9. Nc3 c4 10. Bg5 Be7 11. Re1 Nc6 12. Bxf6 gxf6 13. b3 Qa5 14. bxc4
dxc4 15. d5 O-O-O 16. Qe2 Bb4 17. dxc6 Bxc3 18. Rab1 Bxe1 19. Qe7 Bxf2+ 20.
Kxf2 Qc7 21. cxb7+ Kb8 22. Qxf6 Qc5+ 23. Kf1 Qd6 24. Qc3 Qc6 25. Ne5 Qf6+ 26.
Kg1 Qd6 27. Nxf7 Qc5+ 28. Kh1 Rhe8 29. Nxd8 Rxd8 30. h3 Qd4 31. Qg3+ Qd6 32.
Qh4 Rd7 33. Qxc4 Rxb7 34. Qg8+ Ka7 35. Rxb7+ Kxb7 36. Qxh7+ Kb6 37. Qd3 Qe5 38.
a3 Qe1+ 39. Kh2 Qe5+ 40. Qg3 Qe2 41. Qd6+ Kb7 42. Qd5+ Kb6 43. c4 Qe3 44. Qd6+
Kb7 45. c5 a5 46. c6+ Ka7 47. Qc7+ 1-0

[Event "Outaouais op"]
[Site "Gatineau CAN"]
[Date "1993.10.22"]
[Round "1"]
[White "Gagnon, Fabien"]
[Black "Lacroix, Serge"]
[Result "0-1"]
[WhiteElo "1827"]
[BlackElo "1969"]
[PlyCount "100"]
[EventDate "1993.10.22"]
[EventType "swiss"]
[EventRounds "5"]
[EventCountry "CAN"]

1. e4 c5 2. Nf3 e6 3. d4 cxd4 4. Nxd4 a6 5. Bd3 Bc5 6. Nb3 Ba7 7. Nc3 d6 8. Qe2
Nc6 9. Be3 Bxe3 10. Qxe3 Nf6 11. Rd1 O-O 12. O-O e5 13. Be2 Qc7 14. a3 Be6 15.
Nd5 Bxd5 16. exd5 Ne7 17. c4 Rab8 18. f4 exf4 19. Rxf4 Ng6 20. Rxf6 gxf6 21.
Nd4 Rfe8 22. Qh6 Re5 23. h4 Qe7 24. Bd3 Re1+ 25. Rxe1 Qxe1+ 26. Bf1 Qxh4 27.
Nf5 Qxh6 28. Nxh6+ Kf8 29. Nf5 Rd8 30. Kf2 Ne7 31. Nd4 f5 32. a4 Kg7 33. Ke3
Kf6 34. Nf3 Rg8 35. Kd4 Rg4+ 36. Ke3 f4+ 37. Ke4 Nf5 38. Nh2 Rh4 39. Nf3 Ng3+
40. Kd4 Rh1 41. Bd3 Nf5+ 42. Ke4 Ne3 43. Kxf4 Nxg2+ 44. Kg3 Ne1 45. Nxe1 Rxe1
46. Bxh7 Ra1 47. b3 a5 48. Kf4 Ra3 49. Bc2 Ra2 50. Bd1 Rd2 0-1

[Event "Outaouais op"]
[Site "Gatineau CAN"]
[Date "1993.10.23"]
[Round "2"]
[White "Lacroix, Serge"]
[Black "Leger, Manon"]
[Result "0-1"]
[WhiteElo "1969"]
[BlackElo "1805"]
[PlyCount "82"]
[EventDate "1993.10.22"]
[EventType "swiss"]
[EventRounds "5"]
[EventCountry "CAN"]

1. e4 e5 2. Nf3 Nf6 3. Nxe5 d6 4. Nf3 Nxe4 5. d4 d5 6. Bd3 Bd6 7. O-O O-O 8.
Nbd2 f5 9. c4 c6 10. Qb3 Kh8 11. Ne5 Nxd2 12. Bxd2 dxc4 13. Qxc4 Qf6 14. Rfe1
Nd7 15. Nxd7 Bxd7 16. Bc3 Qh6 17. g3 f4 18. d5 fxg3 19. fxg3 cxd5 20. Qd4 Rac8
21. b4 Bc7 22. Kh1 Bb6 23. Re7 Bxd4 24. Bxd4 Rc1+ 25. Rxc1 Qxc1+ 26. Kg2 Qd2+
27. Kg1 Bh3 28. Bxg7+ Kg8 29. Bxh7+ Kxh7 30. Bc3+ Kg6 31. Rg7+ Kh6 32. Bxd2+
Kxg7 33. Bf4 Rc8 34. Kf2 Rc2+ 35. Ke3 Rxh2 36. a4 Ra2 37. a5 Kf6 38. Kd4 Ke6
39. Kc5 Rc2+ 40. Kb5 Kf6 41. Be3 Bd7# 0-1

[Event "Outaouais op"]
[Site "Gatineau CAN"]
[Date "1993.10.24"]
[Round "5"]
[White "Finta, Robert"]
[Black "Lacroix, Serge"]
[Result "1-0"]
[WhiteElo "2159"]
[BlackElo "1969"]
[PlyCount "60"]
[EventDate "1993.10.22"]
[EventType "swiss"]
[EventRounds "5"]
[EventCountry "CAN"]

1. e4 c5 2. Nf3 e6 3. d4 cxd4 4. Nxd4 a6 5. Nc3 Qc7 6. Be2 Nc6 7. O-O Nf6 8. a3
Bc5 9. Be3 d6 10. Qd2 O-O 11. Nb3 Bxe3 12. Qxe3 b5 13. Rad1 b4 14. axb4 Nxb4
15. Qd4 Nxc2 16. Qxd6 Qxd6 17. Rxd6 Rb8 18. Nc5 Rxb2 19. Rd2 Bb7 20. Nxb7 Rxb7
21. Rxc2 Rc7 22. f3 Rfc8 23. Rfc1 a5 24. Ba6 Ra8 25. Nb5 Rxc2 26. Rxc2 Kf8 27.
Rc8+ Rxc8 28. Bxc8 g5 29. Kf2 Kg7 30. Bb7 h6 1-0

[Event "Quebec-ch amateur"]
[Site "Montreal CAN"]
[Date "1993.10.08"]
[Round "1"]
[White "Billard, Michel"]
[Black "Lacroix, Serge"]
[Result "1-0"]
[WhiteElo "2197"]
[BlackElo "2025"]
[PlyCount "61"]
[EventDate "1993.10.08"]
[EventType "swiss"]
[EventRounds "5"]
[EventCountry "CAN"]

1. e4 c5 2. Nf3 e6 3. d4 cxd4 4. Nxd4 a6 5. Nc3 Qc7 6. f4 Nc6 7. Nb3 d6 8. Qf3
Nf6 9. Bd3 b5 10. O-O Bb7 11. a3 Be7 12. Bd2 O-O 13. g4 b4 14. axb4 Nxb4 15. g5
Nd7 16. Na5 Nxd3 17. cxd3 f5 18. Rfe1 fxe4 19. Qh3 Rae8 20. dxe4 Nc5 21. b4 Bd8
22. bxc5 Qxc5+ 23. Be3 Qb4 24. Rab1 Qxa5 25. Rxb7 Qa3 26. Nd5 exd5 27. Rxg7+
Kxg7 28. Bd4+ Kf7 29. Qxh7+ Ke6 30. f5+ Rxf5 31. exf5# 1-0

[Event "Quebec-ch amateur"]
[Site "Montreal CAN"]
[Date "1993.10.09"]
[Round "2"]
[White "Lacroix, Serge"]
[Black "Teuton, Frank"]
[Result "0-1"]
[WhiteElo "2025"]
[BlackElo "2073"]
[PlyCount "60"]
[EventDate "1993.10.08"]
[EventType "swiss"]
[EventRounds "5"]
[EventCountry "CAN"]

1. e4 c5 2. Nf3 d6 3. d4 cxd4 4. Nxd4 Nf6 5. Nc3 g6 6. Bc4 Bg7 7. f3 Nc6 8. Be3
O-O 9. Qd2 Bd7 10. O-O-O Qb8 11. g4 b5 12. Nxc6 Bxc6 13. Bd5 Rc8 14. Bxc6 Rxc6
15. g5 b4 16. Ne2 Nd7 17. Bd4 Ne5 18. f4 Nc4 19. Qd3 e5 20. fxe5 dxe5 21. Bf2
Qc7 22. Qd7 Rc8 23. Qxc7 R6xc7 24. Rhe1 a5 25. Rd5 a4 26. Red1 Bf8 27. Rd8 Kg7
28. Rxc8 Rxc8 29. Rd5 b3 30. Nc3 Bb4 0-1

[Event "Quebec-ch amateur"]
[Site "Montreal CAN"]
[Date "1993.10.09"]
[Round "3"]
[White "Cossette, Daniel"]
[Black "Lacroix, Serge"]
[Result "1-0"]
[WhiteElo "2018"]
[BlackElo "2025"]
[PlyCount "83"]
[EventDate "1993.10.08"]
[EventType "swiss"]
[EventRounds "5"]
[EventCountry "CAN"]

1. e4 c5 2. Nc3 e6 3. f4 d5 4. e5 Nc6 5. Nf3 Nh6 6. g3 Be7 7. Bg2 a6 8. a4 Bd7
9. d3 O-O 10. O-O Qc7 11. h3 Nf5 12. Kh2 f6 13. g4 Nfd4 14. exf6 Bxf6 15. Ne2
Nxe2 16. Qxe2 g5 17. Qf2 gxf4 18. Qxc5 b6 19. Qf2 Nb4 20. c3 Nxd3 21. Qc2 Nxc1
22. Raxc1 Rac8 23. g5 Bg7 24. h4 e5 25. h5 e4 26. h6 Bh8 27. Rcd1 Be6 28. Rfe1
Bf7 29. Bh3 exf3 30. Bf5 Bh5 31. Be6+ Rf7 32. Rxd5 Bg6 33. Qd2 f2 34. Qxf2 f3+
35. Kg1 Qf4 36. Bxc8 Rc7 37. Rd8+ Kf7 38. Be6+ Ke7 39. Rxh8 Qxg5+ 40. Bg4+ Kd6
41. Re6+ Kd5 42. Qd4# 1-0

[Event "Quebec-ch amateur"]
[Site "Montreal CAN"]
[Date "1993.10.10"]
[Round "5"]
[White "Picard, Jean"]
[Black "Lacroix, Serge"]
[Result "1-0"]
[WhiteElo "1999"]
[BlackElo "2025"]
[PlyCount "61"]
[EventDate "1993.10.08"]
[EventType "swiss"]
[EventRounds "5"]
[EventCountry "CAN"]

1. e4 c5 2. d4 cxd4 3. c3 dxc3 4. Bc4 cxb2 5. Bxb2 e6 6. Nf3 Bb4+ 7. Nbd2 Nf6
8. O-O O-O 9. e5 Ne8 10. Ne4 d5 11. exd6 Nxd6 12. Qe2 Nxe4 13. Qxe4 Nc6 14.
Rfd1 Qe7 15. h4 f5 16. Qe2 a6 17. Ng5 Nd8 18. Rd3 h6 19. Rh3 hxg5 20. hxg5 Qxg5
21. Rg3 Qh6 22. Rd1 Nf7 23. Bxg7 Qxg7 24. Rxg7+ Kxg7 25. Qb2+ Kg8 26. Qxb4 b5
27. Rd3 Ne5 28. Rg3+ Kf7 29. Qd6 Nxc4 30. Qc7+ Ke8 31. Rg7 1-0

[Event "Beloeil"]
[Site "Beloeil CAN"]
[Date "1993.10.??"]
[Round "2"]
[White "Pineault, Denis"]
[Black "Lacroix, Serge"]
[Result "1-0"]
[WhiteElo "2050"]
[BlackElo "2000"]
[PlyCount "49"]
[EventDate "1993.10.??"]
[EventType "swiss"]
[EventRounds "5"]
[EventCountry "CAN"]

1. e4 c5 2. Nf3 e6 3. d4 cxd4 4. Nxd4 a6 5. Nc3 Qc7 6. Bd3 Nc6 7. Nxc6 dxc6 8.
a4 Nf6 9. O-O e5 10. Qe2 Bg4 11. Qe3 Bb4 12. Qg3 Be7 13. f4 exf4 14. Bxf4 Qb6+
15. Kh1 Be6 16. a5 Qc5 17. Be3 Qh5 18. Be2 Bg4 19. Rxf6 Bxf6 20. Bxg4 Qg6 21.
Qh3 Be7 22. Rf1 h5 23. Bb6 f6 24. Bf5 Qf7 25. e5 1-0

[Event "La Vierge"]
[Site "Charlesbourg CAN"]
[Date "1993.09.17"]
[Round "1"]
[White "Lacroix, Serge"]
[Black "Sarra-Bournet, Marc"]
[Result "1-0"]
[WhiteElo "2038"]
[BlackElo "1562"]
[PlyCount "89"]
[EventDate "1993.09.17"]
[EventType "swiss"]
[EventRounds "5"]
[EventCountry "CAN"]

1. e4 e5 2. Nf3 Nc6 3. Bb5 a6 4. Ba4 Nf6 5. O-O Be7 6. Re1 b5 7. Bb3 O-O 8. c3
d6 9. h3 Na5 10. Bc2 c5 11. d4 Qc7 12. Nbd2 cxd4 13. cxd4 Bd7 14. Nf1 Rac8 15.
Bd3 Nc4 16. b3 Na5 17. Bb2 Nc6 18. Rc1 Qb8 19. Qe2 Bd8 20. Ne3 Ba5 21. Red1 Bb6
22. dxe5 dxe5 23. Nd5 Bd8 24. Nxf6+ Bxf6 25. Bxb5 Nd4 26. Nxd4 Rxc1 27. Rxc1
axb5 28. Nf3 Rc8 29. Rxc8+ Bxc8 30. Qd3 Ba6 31. Qd5 b4 32. Nxe5 Qc7 33. f4 Bb7
34. Qb5 Qe7 35. Qc4 Bxe5 36. Bxe5 h6 37. Kf2 Qh4+ 38. Kf1 Qe7 39. Ke2 h5 40.
Kf3 Qd7 41. Bd4 g5 42. Qxb4 g4+ 43. Kg3 Bxe4 44. Qb8+ Kh7 45. Qh8+ 1-0

[Event "La Vierge"]
[Site "Charlesbourg CAN"]
[Date "1993.09.18"]
[Round "3"]
[White "Lacroix, Serge"]
[Black "Tremblay, Sylvain"]
[Result "0-1"]
[WhiteElo "2038"]
[BlackElo "2107"]
[PlyCount "68"]
[EventDate "1993.09.17"]
[EventType "swiss"]
[EventRounds "5"]
[EventCountry "CAN"]

1. e4 d5 2. exd5 Qxd5 3. Nc3 Qa5 4. d4 Nf6 5. Nf3 Nc6 6. d5 Nb4 7. Bc4 Bg4 8.
Bd2 Qc5 9. Bb5+ c6 10. dxc6 Nxc6 11. h3 Bd7 12. Qe2 e6 13. O-O-O a6 14. Be3 Qb4
15. a3 Qa5 16. Bd3 Bxa3 17. bxa3 Qxc3 18. Nd2 Qxa3+ 19. Kb1 Nd5 20. Ne4 O-O 21.
Bc5 Ncb4 22. c4 f5 23. cxd5 fxe4 24. Bxe4 Rfc8 25. Bxh7+ Kh8 26. Bd3 Qb3+ 27.
Ka1 Qc3+ 28. Kb1 Nxd3 29. Rxd3 Qxc5 30. dxe6 Bb5 31. Rhd1 Bxd3+ 32. Qxd3 Qb4+
33. Ka1 Rc3 34. Qd5 Ra3+ 0-1

[Event "Montreal op"]
[Site "Montreal CAN"]
[Date "1993.09.05"]
[Round "2"]
[White "Lacroix, Serge"]
[Black "Castillo, Anthony"]
[Result "0-1"]
[WhiteElo "2046"]
[BlackElo "1894"]
[PlyCount "74"]
[EventDate "1993.09.04"]
[EventType "swiss"]
[EventRounds "5"]
[EventCountry "CAN"]

1. e4 e5 2. Nf3 Nc6 3. Bb5 a6 4. Ba4 Nf6 5. O-O Be7 6. Re1 b5 7. Bb3 O-O 8. c3
d5 9. exd5 Nxd5 10. Nxe5 Nxe5 11. Rxe5 c6 12. d4 Bd6 13. Re1 Qh4 14. g3 Qh3 15.
Be3 Bg4 16. Qd3 Rae8 17. Nd2 f5 18. Qf1 Qh5 19. f4 Kh8 20. Bxd5 cxd5 21. a4
bxa4 22. Rxa4 Re6 23. Raa1 Rfe8 24. Qf2 h6 25. Nb3 g5 26. Nc5 R6e7 27. Nd3 gxf4
28. Bxf4 Re2 29. Bxd6 Rxf2 30. Rxe8+ Qxe8 31. Be5+ Kh7 32. Kxf2 Qh5 33. h4 Bd1
34. Nf4 Qf3+ 35. Ke1 Qxg3+ 36. Kd2 Qf2+ 37. Kd3 Bc2# 0-1

[Event "Montreal op"]
[Site "Montreal CAN"]
[Date "1993.09.05"]
[Round "2"]
[White "Levtchouk, George"]
[Black "Lacroix, Serge"]
[Result "1-0"]
[WhiteElo "2302"]
[BlackElo "2046"]
[PlyCount "65"]
[EventDate "1993.09.04"]
[EventType "swiss"]
[EventRounds "5"]
[EventCountry "CAN"]

1. d4 Nf6 2. c4 g6 3. f3 d5 4. cxd5 Nxd5 5. e4 Nf6 6. Bc4 Nc6 7. Ne2 Bg7 8.
Nbc3 e5 9. d5 Ne7 10. Be3 c6 11. d6 Neg8 12. Qd2 h5 13. O-O Be6 14. Bxe6 fxe6
15. Rad1 Nd7 16. Qc2 b6 17. Qb3 Qf6 18. Qc4 Nb8 19. h4 Bh6 20. Bg5 Bxg5 21.
hxg5 Qxg5 22. Qxe6+ Kd8 23. f4 exf4 24. Nxf4 Nh6 25. d7 Rf8 26. Qd6 Rf6 27.
Qe7+ Kxe7 28. d8=Q+ Kf7 29. Qc7+ Kg8 30. Rd8+ Rf8 31. Rxf8+ Kxf8 32. Nxg6+ Kg8
33. Rf8# 1-0

[Event "Montreal op"]
[Site "Montreal CAN"]
[Date "1993.09.06"]
[Round "5"]
[White "Lacroix, Serge"]
[Black "Bergeron, Steeve"]
[Result "1-0"]
[WhiteElo "2046"]
[BlackElo "1869"]
[PlyCount "63"]
[EventDate "1993.09.04"]
[EventType "swiss"]
[EventRounds "5"]
[EventCountry "CAN"]

1. e4 e5 2. Nf3 Nc6 3. Bb5 a6 4. Ba4 Nf6 5. O-O b5 6. Bb3 d6 7. Re1 Be7 8. h3
O-O 9. c3 Na5 10. Bc2 c5 11. d4 cxd4 12. cxd4 Nc6 13. Nc3 Qc7 14. Be3 Bd7 15.
Rc1 Qb7 16. Nd5 Nxd5 17. exd5 Nxd4 18. Nxd4 exd4 19. Bxd4 Rfe8 20. Qd3 g6 21.
Qf3 Bg5 22. h4 Bxc1 23. Rxe8+ Rxe8 24. Qf6 Re1+ 25. Kh2 Bf4+ 26. Qxf4 Be8 27.
Qf6 Kf8 28. Bc3 Re5 29. Qxd6+ Re7 30. Qf6 Rc7 31. d6 Rxc3 32. Qh8# 1-0

[Event "Festival gourmands"]
[Site "Asbestos CAN"]
[Date "1993.08.21"]
[Round "2"]
[White "Bolduc, Steve"]
[Black "Lacroix, Serge"]
[Result "1-0"]
[WhiteElo "2125"]
[BlackElo "2034"]
[PlyCount "58"]
[EventDate "1993.08.20"]
[EventType "swiss"]
[EventRounds "5"]
[EventCountry "CAN"]

1. d4 Nf6 2. Nf3 g6 3. c4 Bg7 4. g3 O-O 5. Bg2 d5 6. cxd5 Nxd5 7. O-O c5 8.
dxc5 Na6 9. a3 Nxc5 10. Qc2 Qb6 11. e4 Nb3 12. Ra2 Nxc1 13. Rxc1 Nf6 14. a4 Be6
15. a5 Qb3 16. Qxb3 Bxb3 17. Ra3 Be6 18. Nd4 Rac8 19. Re1 Bd7 20. e5 Ng4 21. f4
Rc4 22. Rd3 Rb4 23. b3 Rc8 24. Red1 Bf5 25. Nxf5 gxf5 26. h3 Nh6 27. Bd5 b6 28.
a6 Kf8 29. Bc4 e6 1-0

[Event "Festival gourmands"]
[Site "Asbestos CAN"]
[Date "1993.08.22"]
[Round "5"]
[White "Lacroix, Serge"]
[Black "Saint Amand, Paul"]
[Result "1/2-1/2"]
[WhiteElo "2034"]
[BlackElo "2114"]
[Annotator "Desktop,Administrative"]
[PlyCount "55"]
[EventDate "1993.08.20"]
[EventType "swiss"]
[EventRounds "5"]
[EventCountry "CAN"]

1. e4 c5 2. Nf3 d6 3. d4 cxd4 4. Nxd4 Nf6 5. Nc3 a6 6. Bg5 e6 7. f4 Be7 8. Qf3
Qc7 9. O-O-O Nbd7 10. g4 O-O 11. h4 b5 12. Bxf6 Bxf6 13. g5 Bxd4 14. Rxd4 Bb7
15. Rh2 Rad8 16. Rhd2 Nc5 17. Kb1 e5 18. Nd5 Bxd5 19. Rxd5 Ne6 20. fxe5 dxe5
21. Qd1 Rb8 22. Rd6 Nc5 23. Bg2 a5 24. R2d5 b4 25. Rxe5 a4 26. Rdd5 Ne6 27. Rb5
Rbd8 28. Red5 {etc.} 1/2-1/2

[Event "Le Lion"]
[Site "Charlesbourg CAN"]
[Date "1993.08.14"]
[Round "3"]
[White "Champetier, Serge"]
[Black "Lacroix, Serge"]
[Result "1-0"]
[WhiteElo "2089"]
[BlackElo "2036"]
[PlyCount "47"]
[EventDate "1993.08.13"]
[EventType "swiss"]
[EventRounds "5"]
[EventCountry "CAN"]

1. e4 c5 2. Nc3 e6 3. f4 d5 4. Nf3 Nf6 5. Bb5+ Bd7 6. e5 Bxb5 7. Nxb5 Ne4 8. d3
Qa5+ 9. Nc3 Nxc3 10. bxc3 Qxc3+ 11. Bd2 Qa3 12. O-O Nc6 13. f5 exf5 14. Ng5 h6
15. Nxf7 Kxf7 16. Rxf5+ Kg8 17. Qf3 Rd8 18. Rf1 c4 19. Qh5 Bc5+ 20. Kh1 Rf8 21.
Rxf8+ Bxf8 22. Qf7+ Kh7 23. Rf6 Nxe5 24. Rxh6# 1-0

[Event "Quebec op"]
[Site "Montreal CAN"]
[Date "1993.08.01"]
[Round "2"]
[White "Lacroix, Serge"]
[Black "Ross, Dave"]
[Result "0-1"]
[WhiteElo "2026"]
[BlackElo "2344"]
[PlyCount "58"]
[EventDate "1993.07.31"]
[EventType "swiss"]
[EventRounds "8"]
[EventCountry "CAN"]

1. e4 e6 2. d4 d5 3. Nc3 Bb4 4. e5 c5 5. a3 Bxc3+ 6. bxc3 Ne7 7. Qg4 O-O 8. Bg5
Qa5 9. Bd2 Qa4 10. Bd3 Nbc6 11. Qh3 Ng6 12. Nf3 cxd4 13. O-O dxc3 14. Bxc3 f5
15. exf6 e5 16. Qg3 e4 17. fxg7 Rxf3 18. gxf3 exd3 19. Qd6 Qc4 20. Bb4 Bh3 21.
cxd3 Qd4 22. Bc5 Qxg7 23. Qxd5+ Kh8 24. Qg5 Nh4 25. Qxg7+ Kxg7 26. Rfb1 Rg8 27.
Rxb7+ Kf6+ 28. Kh1 Bg2+ 29. Kg1 Nxf3# 0-1

[Event "Quebec op"]
[Site "Montreal CAN"]
[Date "1993.08.02"]
[Round "3"]
[White "Grondin, Jean-Philippe"]
[Black "Lacroix, Serge"]
[Result "0-1"]
[WhiteElo "1978"]
[BlackElo "2026"]
[PlyCount "54"]
[EventDate "1993.07.31"]
[EventType "swiss"]
[EventRounds "8"]
[EventCountry "CAN"]

1. e4 c5 2. Nf3 e6 3. d4 cxd4 4. Nxd4 a6 5. Nc3 Qc7 6. g3 Bb4 7. Qd3 Nf6 8. Bg2
Nc6 9. Nxc6 dxc6 10. O-O O-O 11. Rd1 e5 12. Bg5 Be7 13. h3 Be6 14. Qf3 Rfd8 15.
Kh2 Ng4+ 16. hxg4 Bxg5 17. Bf1 Rxd1 18. Rxd1 Rd8 19. Kg2 Qc8 20. Be2 b5 21. Rd3
Rd4 22. a3 Qd7 23. Nd1 Bc1 24. Rc3 g6 25. Kh2 h6 26. Rc5 Kf8 27. Qc3 Rxd1 0-1

[Event "Quebec op"]
[Site "Montreal CAN"]
[Date "1993.08.04"]
[Round "5"]
[White "Levtchouk, George"]
[Black "Lacroix, Serge"]
[Result "1-0"]
[WhiteElo "2331"]
[BlackElo "2026"]
[PlyCount "65"]
[EventDate "1993.07.31"]
[EventType "swiss"]
[EventRounds "8"]
[EventCountry "CAN"]

1. d4 Nf6 2. c4 g6 3. Nc3 d5 4. Nf3 Bg7 5. Qb3 dxc4 6. Qxc4 O-O 7. e4 Na6 8. e5
Ng4 9. h3 Nh6 10. Bf4 c6 11. Be2 Be6 12. Qd3 Kh8 13. Qd2 Ng8 14. h4 h5 15. Ng5
Qd7 16. Nxe6 Qxe6 17. g4 f6 18. exf6 Nxf6 19. gxh5 Nd5 20. Be5 gxh5 21. Bxg7+
Kxg7 22. Rg1+ Kh8 23. Nxd5 cxd5 24. Rg5 Rf5 25. O-O-O Rc8+ 26. Kb1 Rxg5 27.
Qxg5 Qe4+ 28. Bd3 Qg4 29. Qh6+ Kg8 30. f3 Qh3 31. Bh7+ Kf7 32. Qg6+ Kf8 33.
Qg8# 1-0

[Event "Quebec op"]
[Site "Montreal CAN"]
[Date "1993.08.06"]
[Round "7"]
[White "Lacroix, Serge"]
[Black "Bolduc, Steve"]
[Result "0-1"]
[WhiteElo "2026"]
[BlackElo "2061"]
[Annotator "Incomplete"]
[PlyCount "86"]
[EventDate "1993.07.31"]
[EventType "swiss"]
[EventRounds "8"]
[EventCountry "CAN"]

1. e4 c6 2. d4 d5 3. Nc3 dxe4 4. Nxe4 Nd7 5. Bc4 Ngf6 6. Nxf6+ Nxf6 7. Nf3 Bf5
8. Qe2 e6 9. Bg5 h6 10. Bh4 Bd6 11. O-O-O Qc7 12. Ne5 O-O-O 13. Rhe1 Kb8 14. f3
g5 15. Bf2 Nd5 16. g4 Bh7 17. h4 Nf4 18. Qf1 c5 19. Bd3 Bxe5 20. dxe5 Bxd3 21.
cxd3 Rd5 22. hxg5 hxg5 23. Bg3 Rxe5 24. Bxf4 gxf4 25. Re4 Rxe4 26. dxe4 Rh2 27.
Qg1 Re2 28. Qf1 Re3 29. Rd3 c4 30. Rd4 c3 31. b4 Qb6 32. Qd1 Re1 33. Rd8+ Qxd8
34. Qxe1 Qd3 35. Qd1 Qe3+ 36. Kc2 Kc7 37. Qd3 Qf2+ 38. Kxc3 Qxa2 39. Qb5 Qa3+
40. Kc4 Qc1+ 41. Kd4 Qa1+ 42. Kc4 Qf1+ 43. Kc5 b6+ 0-1

[Event "Le Cancer"]
[Site "Charlesbourg CAN"]
[Date "1993.07.17"]
[Round "3"]
[White "Girard, Robin"]
[Black "Lacroix, Serge"]
[Result "1-0"]
[WhiteElo "2180"]
[BlackElo "2000"]
[PlyCount "91"]
[EventDate "1993.07.16"]
[EventType "swiss"]
[EventRounds "5"]
[EventCountry "CAN"]

1. e4 c5 2. Nc3 e6 3. g3 d5 4. exd5 exd5 5. Bg2 Nf6 6. Nge2 d4 7. Ne4 Nxe4 8.
Bxe4 Nc6 9. O-O Bd6 10. d3 O-O 11. Nf4 f5 12. Bd5+ Kh8 13. Qf3 Ne5 14. Qg2 Rb8
15. Re1 Qf6 16. h4 Bd7 17. Nh3 h6 18. Bd2 Bc6 19. Re2 Bd7 20. Rae1 Nc6 21. Qh1
Rbe8 22. Qf3 Rxe2 23. Rxe2 Re8 24. Bg5 Qf8 25. Nf4 Bxf4 26. Bxf4 Qf6 27. Qh5
Rxe2 28. Qxe2 b6 29. a3 Ne7 30. Be5 Qg6 31. Bf3 Nc6 32. Bf4 Qf6 33. Kf1 Kh7 34.
Ke1 Qf7 35. b3 Ne7 36. Bd6 Nc6 37. Kd2 Qf6 38. Bf4 a6 39. Bxc6 Qxc6 40. Qe7 Qf3
41. Qxd7 Qxf2+ 42. Kc1 Qe1+ 43. Kb2 Qc3+ 44. Kb1 Qe1+ 45. Ka2 Qd1 46. Qxf5+ 1-0

[Event "Groupe Commerce"]
[Site "Thetford Mines CAN"]
[Date "1993.07.02"]
[Round "1"]
[White "Schleifer, Michael"]
[Black "Lacroix, Serge"]
[Result "1-0"]
[WhiteElo "2223"]
[BlackElo "1982"]
[PlyCount "71"]
[EventDate "1993.07.02"]
[EventType "swiss"]
[EventRounds "5"]
[EventCountry "CAN"]

1. d4 Nf6 2. c4 g6 3. Nc3 d5 4. Nf3 Bg7 5. Bg5 Ne4 6. Bh4 Nxc3 7. bxc3 dxc4 8.
Qa4+ c6 9. Qxc4 Be6 10. Qb4 b6 11. e3 Qd6 12. Qa4 O-O 13. Be2 c5 14. O-O Bd7
15. Qa3 Nc6 16. Bg3 e5 17. dxe5 Qe7 18. Rad1 Bf5 19. e6 Bxe6 20. Bd6 Qf6 21.
Bxf8 Rxf8 22. Rc1 g5 23. Qa4 Na5 24. Rfd1 Rd8 25. Qe4 Bxa2 26. Rxd8+ Qxd8 27.
Rd1 Qf6 28. Qe8+ Bf8 29. Rd8 Qg7 30. Ne5 Be6 31. Ng4 h5 32. Nf6+ Qxf6 33. Qxf8+
Kh7 34. Bd3+ Bf5 35. Rd6 Qxc3 36. Rh6# 1-0

[Event "Groupe Commerce"]
[Site "Thetford Mines CAN"]
[Date "1993.07.03"]
[Round "2"]
[White "Lacroix, Serge"]
[Black "Charest, Johanne"]
[Result "1-0"]
[WhiteElo "1916"]
[BlackElo "1731"]
[PlyCount "149"]
[EventDate "1993.07.02"]
[EventType "swiss"]
[EventRounds "5"]
[EventCountry "CAN"]

1. e4 e5 2. Nf3 Nc6 3. Bb5 Bc5 4. c3 a6 5. Ba4 Nf6 6. d4 exd4 7. e5 Nd5 8. O-O
O-O 9. cxd4 Bb6 10. Nc3 Nxc3 11. bxc3 Ne7 12. Ng5 h6 13. Ne4 d6 14. exd6 cxd6
15. Ba3 Bc7 16. Re1 Be6 17. Bb3 Rc8 18. Bxe6 fxe6 19. Qb3 d5 20. Ng3 Ba5 21.
Rac1 Qd7 22. Bxe7 Qxe7 23. Qxd5 Bxc3 24. Rxe6 Qf7 25. Rd6 Qxd5 26. Rxd5 Bb4 27.
Rb1 Rc4 28. a3 Bxa3 29. Rxb7 Rb4 30. Rdd7 Rxb7 31. Rxb7 a5 32. f3 Bc1 33. Kf1
Rf7 34. Rb8+ Kh7 35. Ra8 Bd2 36. Ne4 Bb4 37. Ke2 Kg6 38. Kd3 Rd7 39. Kc4 Rc7+
40. Nc5 Kf7 41. Kd5 Ke7 42. Ra6 Bc3 43. Re6+ Kf7 44. Rd6 Ra7 45. Na4 Bb4 46.
Rd8 Ke7 47. Rg8 Kf7 48. Rc8 Rd7+ 49. Kc4 Ke7 50. Nb6 Rb7 51. Nd5+ Ke6 52. Ra8
Kd6 53. Ra6+ Kd7 54. Nxb4 axb4 55. Kb3 Ke8 56. Ra4 Re7 57. Ra2 Rb7 58. Rb2 Rb5
59. Kc4 Rh5 60. h3 Rg5 61. Kxb4 Kd7 62. Kc4 Kd6 63. Kd3 Ke7 64. Ke4 Ke6 65. g4
Ra5 66. h4 Kf6 67. Rb6+ Ke7 68. f4 Ra1 69. d5 Re1+ 70. Kf5 Rh1 71. h5 Rg1 72.
Re6+ Kf8 73. Re4 Rd1 74. Ke6 Rg1 75. d6 1-0

[Event "Groupe Commerce"]
[Site "Thetford Mines CAN"]
[Date "1993.07.04"]
[Round "3"]
[White "Ber, Yves"]
[Black "Lacroix, Serge"]
[Result "0-1"]
[WhiteElo "2018"]
[BlackElo "1982"]
[PlyCount "50"]
[EventDate "1993.07.02"]
[EventType "swiss"]
[EventRounds "5"]
[EventCountry "CAN"]

1. d4 Nf6 2. Nf3 g6 3. c4 Bg7 4. Nc3 d5 5. g3 O-O 6. Bg2 dxc4 7. Ne5 c5 8. dxc5
Qc7 9. Nxc4 Qxc5 10. Qb3 Nc6 11. Be3 Qb4 12. Bxc6 Qxb3 13. axb3 bxc6 14. Nb6
Rb8 15. Rxa7 Bh3 16. f3 e6 17. Kf2 h5 18. Rha1 Nd5 19. Nd7 Nxe3 20. Kxe3 Rfd8
21. Kf4 e5+ 22. Nxe5 Rb4+ 23. Nc4 Rxb3 24. R1a6 Bh6+ 25. Ke4 Bc8 0-1

[Event "Groupe Commerce"]
[Site "Thetford Mines CAN"]
[Date "1993.07.04"]
[Round "4"]
[White "Abreu Cordero, Jose"]
[Black "Lacroix, Serge"]
[Result "1-0"]
[WhiteElo "1965"]
[BlackElo "1982"]
[PlyCount "80"]
[EventDate "1993.07.02"]
[EventType "swiss"]
[EventRounds "5"]
[EventCountry "CAN"]

1. d4 Nf6 2. c4 g6 3. Nc3 d5 4. cxd5 Nxd5 5. e4 Nxc3 6. bxc3 Bg7 7. Be3 O-O 8.
Nf3 c5 9. Be2 cxd4 10. cxd4 Nc6 11. O-O Bg4 12. Rb1 b6 13. d5 Bxf3 14. Bxf3 Na5
15. Qd3 Qd7 16. Rfc1 Rac8 17. g3 Rxc1+ 18. Rxc1 Rc8 19. Qa6 Rxc1+ 20. Bxc1 Qb7
21. Qb5 Kf8 22. Be3 Be5 23. Be2 Qc8 24. Kg2 Qc2 25. Bd3 Qc8 26. f4 Ba1 27. Bd2
Bc3 28. Be3 Ba1 29. e5 Qc3 30. d6 exd6 31. exd6 Qb2+ 32. Qxb2 Bxb2 33. f5 Be5
34. fxg6 hxg6 35. d7 Ke7 36. Bb5 Nb7 37. Kf3 Nd6 38. Bc6 Kd8 39. Bf4 Nf5 40.
Bxe5 Ne7 1-0